An Introduction to the Finite Element Method (Record no. 23702)
[ view plain ]
| 000 -LEADER | |
|---|---|
| fixed length control field | 00309nam a22000977a 4500 |
| 008 - FIXED-LENGTH DATA ELEMENTS--GENERAL INFORMATION | |
| fixed length control field | 140101b xxu||||| |||| 00| 0 eng d |
| 020 ## - INTERNATIONAL STANDARD BOOK NUMBER | |
| International Standard Book Number | 0072466855 |
| Terms of availability | Available |
| 082 ## - DEWEY DECIMAL CLASSIFICATION NUMBER | |
| Edition number | Third Ed |
| Classification number | 620.001RED |
| Author Mark | 000570 |
| 245 ## - TITLE STATEMENT | |
| Title | An Introduction to the Finite Element Method |
| Statement of responsibility, etc. | Reddy J.N |
| 260 ## - PUBLICATION, DISTRIBUTION, ETC. | |
| Place of publication, distribution, etc. | New York |
| Name of publisher, distributor, etc. | The McGraw-Hill |
| Date of publication, distribution, etc. | 2006 |
| Withdrawn status | Lost status | Source of classification or shelving scheme | Damaged status | Not for loan | Permanent Location | Current Location | Shelving location | Date acquired | Total Checkouts | Full call number | Barcode | Date last seen | Price effective from | Koha item type |
|---|---|---|---|---|---|---|---|---|---|---|---|---|---|---|
| School of Interdisciplinary Engineering and Sciences (SINES) | School of Interdisciplinary Engineering and Sciences (SINES) | General Stacks | 01/01/2014 | 620.001RED | RCMS000570 | 01/01/2014 | 01/01/2014 | Book | ||||||
| School of Interdisciplinary Engineering and Sciences (SINES) | School of Interdisciplinary Engineering and Sciences (SINES) | 04/21/2014 | 620.001RED | RCMS001407 | 04/21/2014 | 04/21/2014 | Book |
